22 (TV) - Taylor Swift - Statistics

General Stats
  • This quiz has been taken 239 times
  • The average score is 375 of 419
Answer Stats
Lyrics % Correct
a
100%
I
99%
(I
99%
like
99%
like)
99%
It
98%
To
98%
to
98%
feels
97%
night
97%
And
96%
and
96%
be
96%
of
96%
oh
96%
oh,
96%
(Oh,
96%
oh)
96%
we
96%
We
96%
We're
96%
we're
96%
you
96%
You
96%
you)
96%
(You
96%
about
95%
But
95%
don't
95%
feelin'
95%
I'm
95%
know
95%
perfect
95%
the
95%
twenty-two
95%
Twenty-two
95%
twenty-two)
95%
(Twenty-two)
95%
up
95%
dress
94%
me
94%
me)
94%
alright
92%
(Alright)
92%
dancin'
92%
(Dancin'
92%
hipsters
92%
in
92%
our
92%
when
92%
Yeah
92%
yeah
92%
Yeah,
92%
(Yeah,
92%
yeah)
92%
yeah,
92%
fun
91%
if
91%
keep
91%
make
91%
next
91%
at
90%
Everything
90%
exes
90%
For
90%
want
90%
will
90%
bet
89%
one
89%
those
89%
It's
88%
just
88%
nights
88%
time
88%
time,
88%
happy,
86%
I'll
86%
magical,
86%
same
86%
confused,
84%
forget
84%
lonely
84%
best
82%
miserable
82%
sleepin'
82%
Tonight's
82%
way
82%
free,
81%
is
80%
whole
80%
midnight
79%
scene
79%
with
79%
have
77%
Instead
77%
love
77%
too
77%
Too
77%
won't
76%
ditch
75%
fall
75%
seems
75%
strangers
75%
end
74%
gotta
74%
cool
73%
This
73%
bad
72%
Uh
72%
uh,
72%
uh
72%
deadlines
71%
dreamin'
71%
look
71%
kids
70%
many
70%
news
69%
breakfast
68%
crowded
68%
heartbreaks
68%
(Ooh)
66%
Ooh,
66%
(Ooh,
66%
place
65%
anyway?
64%
Swift
64%
Taylor
64%
(Who's
64%
(Hey)
52%
hey,
52%
Ew)
50%
woah
47%
(Dance
21%
No matching quizzes found
Score Distribution
Percent of People with Each Score
Percentile by Number Answered
Your Score History
You have not taken this quiz